Κοινωνική προστασία και κινητοποίηση των αποταμιεύσεων στην ανάπτυξη : μια επισκόπιση

Αποθηκεύτηκε σε:
Λεπτομέρειες βιβλιογραφικής εγγραφής
Κύριος συγγραφέας: Γερμίδης, Δημήτρης Α.
Μορφή: Βιβλίο
Γλώσσα:Greek
Δημοσίευση: Αθήνα : Αγροτική Τράπεζα Ελλάδος, 1987
Ετικέτες: Προσθήκη ετικέτας
Δεν υπάρχουν, Καταχωρήστε ετικέτα πρώτοι!

MARC

LEADER 00000nam a2200000 i 4500
001 1/27710
008 960731s1987 gre d
035 |l 10022906 
040 |a GR-MY-UA  |b gre  |e aacr 
041 0 |a gre 
082 0 |a 368.409495 
100 1 |a Γερμίδης, Δημήτρης Α. 
245 1 0 |a Κοινωνική προστασία και κινητοποίηση των αποταμιεύσεων στην ανάπτυξη :  |b μια επισκόπιση /  |c Δ. Γερμίδης 
260 |a Αθήνα :   |b Αγροτική Τράπεζα Ελλάδος,   |c 1987 
300 |a 12 σ. 
500 |a Διεθνές σεμινάριο εμπειρογνωμόνων που οργανώνει η Αγροτική Τράπεζα Ελλάδος σε συνεργασία με το Κέντρο Ανάπτυξης του ΟΟΣΑ, με θέμα: Κινητοποίηση Αποταμιεύσεως και Κοινωνική Προστασία, Αθήνα, 11-12 Δεκεμβρίου 1987 
852 |a INST  |b CHIOS  |e 19960731  |h 368.409495 ΓΕΡ  |p 005200018421  |q 005200018421  |t BK  |y 0 
901 |a BIBL2-2000-2 
909 |a Χ  |b 046591 
922 |a 2ΕΛΗ  |b 198808  |c ΡΟΜΠΟΛΗΣ 
970 |a 2000/08/ΣΟΦΙΑ